000 00702nam a2200241I 4500
001 19084
003 BD-RjUL
005 20211209000400.0
008 140223r1936 enk 00100 eng u
035 _a(BD-RjUL)19142
040 _cCKM
_dm.c.
_dBOS
_aBD-RjUL
_beng
041 _aeng
082 _a822.33
_bSHJ 1936
099 1 _aBU
_aFac
_aB54sj
100 1 0 _aShakespeare, William,
_d1564-1616.
_958833
245 1 0 _aJulius Caesar /
_cedited by A. W. Verity
260 _aCambridge :
_bAt The University Press,
_c[Reprinted 1936].
300 _axxxiv, 209 p. ;
_c17 cm.
504 _aIncludes index.
650 0 _aCaesar, Julius
_v Drama.
_958834
700 1 0 _aVerity, A. W.
_957536
942 _2ddc
_cBK
999 _c19084
_d19084